| 000 | 00523nam a2200169Ia 4500 | ||
|---|---|---|---|
| 008 | 090123s9999 xx 000 0 und d | ||
| 082 |
_b28027 _a891.463/तिबिले |
||
| 100 | _aतिबिले अनंत दत्तत्रय | ||
| 245 | _aशर्थ | ||
| 250 | _a1 | ||
| 300 | _a175 | ||
| 600 | _aतिबिले अनंत दत्तत्रय | ||
| 630 | _aशर्थ | ||
| 700 | _aतिबिले अनंत दत्तत्रय | ||
| 730 | _aशर्थ | ||
| 942 | _cBOOK | ||
| 999 |
_c66426 _d66426 |
||